| 000 | 01531nam a22001937a 4500 | ||
|---|---|---|---|
| 999 |
_c59873 _d59873 |
||
| 003 | Ge_BSU | ||
| 005 | 20230503160812.0 | ||
| 008 | 230503s1987 ge ||||| |||| 00| 0 geo d | ||
| 041 | _ageo | ||
| 080 | _a069.02:93/94(479.22) ს-21 | ||
| 245 |
_aსამცხე-ჯავახეთის ივ. ჯავახიშვილის სახელობის ისტორიული მუზეუმი, 1937-50-1987 / _cსაქ. სსრ მეცნ. აკად., ს. ჯანაშიას სახ. საქ. სახელმწ. მუზეუმი; შემდგ.: მ. ურუშაძე. |
||
| 264 |
_aთბილისი : _bხელოვნება, _c1987 |
||
| 300 |
_a28 გვ. : _bილ. ; _c20 სმ. |
||
| 500 | _aტექსტი გრეთვე რუს. ენაზე. გარეკანის პირველ გვ.: აბზინდის ფრაგმენტი, ბრინჯაო, "უდეს განძი", II ათასწლეული. მეოთხე გვ.: ჯვარი, ვერცხლი, XIX ს., ქ. ახალციხე. | ||
| 653 | _aისტორიული მუზეუმები საქართველოში. | ||
| 700 |
_aურუშაძე, მ. _eშემდგენელი _917937 |
||
| 710 |
_a საქ. სსრ მეცნ. აკად., ს. ჯანაშიას სახ. საქ. სახელმწ. მუზეუმი _917938 |
||
| 942 |
_2udc _cBK |
||